<?xml version="1.0" encoding="UTF-8"?>
<record
    xmlns:xsi="http://www.w3.org/2001/XMLSchema-instance"
    xsi:schemaLocation="http://www.loc.gov/MARC21/slim http://www.loc.gov/standards/marcxml/schema/MARC21slim.xsd"
    xmlns="http://www.loc.gov/MARC21/slim">

  <leader>02315nam a2200397 i 4500</leader>
  <controlfield tag="001">768714001</controlfield>
  <controlfield tag="003">CO-MdFUSB</controlfield>
  <controlfield tag="005">20210419120308.0</controlfield>
  <controlfield tag="007">ta</controlfield>
  <controlfield tag="008">200703t2000    ck  |||| |||| 00| 0 spa d</controlfield>
  <datafield tag="020" ind1=" " ind2=" ">
    <subfield code="a">[No incluye ISBN]</subfield>
  </datafield>
  <datafield tag="040" ind1=" " ind2=" ">
    <subfield code="a">CO-MdFUSB</subfield>
    <subfield code="b">spa</subfield>
    <subfield code="c">CO-MdFUSB</subfield>
    <subfield code="d">CO-MdFUSBC</subfield>
    <subfield code="e">rda</subfield>
  </datafield>
  <datafield tag="041" ind1=" " ind2=" ">
    <subfield code="a">spa</subfield>
  </datafield>
  <datafield tag="082" ind1=" " ind2=" ">
    <subfield code="2">23</subfield>
    <subfield code="a">307</subfield>
    <subfield code="b">F723</subfield>
  </datafield>
  <datafield tag="110" ind1=" " ind2=" ">
    <subfield code="a">Concejo Nacional de Acreditaci&#xF3;n de Escuelas Normales Superiores CAENS</subfield>
  </datafield>
  <datafield tag="245" ind1="1" ind2=" ">
    <subfield code="a">Formaci&#xF3;n de maestros</subfield>
    <subfield code="b">: elementos para el debate</subfield>
    <subfield code="c">/ Concejo Nacional de Acreditaci&#xF3;n de Escuelas Normales Superiores CAENS</subfield>
  </datafield>
  <datafield tag="264" ind1=" " ind2="1">
    <subfield code="a">Bogot&#xE1;, Colombia : </subfield>
    <subfield code="b">Ministerio de Educaci&#xF3;n Nacional, </subfield>
    <subfield code="c">[2000]</subfield>
  </datafield>
  <datafield tag="264" ind1=" " ind2="4">
    <subfield code="c">&#xA9;2000</subfield>
  </datafield>
  <datafield tag="300" ind1=" " ind2=" ">
    <subfield code="c">79 p&#xE1;ginas ; </subfield>
    <subfield code="a">21 cm</subfield>
  </datafield>
  <datafield tag="336" ind1=" " ind2=" ">
    <subfield code="2">rdacontent</subfield>
    <subfield code="a">texto</subfield>
    <subfield code="b">txt</subfield>
  </datafield>
  <datafield tag="337" ind1=" " ind2=" ">
    <subfield code="2">rdamedia</subfield>
    <subfield code="a">sin mediaci&#xF3;n</subfield>
    <subfield code="b">n</subfield>
  </datafield>
  <datafield tag="338" ind1=" " ind2=" ">
    <subfield code="2">rdacarrier</subfield>
    <subfield code="a">volumen</subfield>
    <subfield code="b">nc</subfield>
  </datafield>
  <datafield tag="505" ind1=" " ind2=" ">
    <subfield code="a">Fundamentaci&#xF3;n pedag&#xF3;gica -- La necesidad de una tradici&#xF3;n cr&#xED;tica en la construcci&#xF3;n de un saber -- Teor&#xED;as, enfoques y modelos en la fundamentaci&#xF3;n pedag&#xF3;gica --Teor&#xED;as -- Modelos -- Enfoque -- Escuelas de pensamiento -- Procesos de resignificaci&#xF3;n -- N&#xFA;cleos del saber pedag&#xF3;gico -- Pedagog&#xED;a y n&#xFA;cleos del saber -- Aproximaci&#xF3;n al significado de los n&#xFA;cleos del saber pedag&#xF3;gico -- Formaci&#xF3;n profesional del educador y n&#xFA;cleos del saber pedag&#xF3;gico -- Investigaci&#xF3;n educativa y pedag&#xF3;gica -- Tendencias en la formaci&#xF3;n de maestros -- La investigaci&#xF3;n educativa -- Investigaci&#xF3;n y formaci&#xF3;n de maestros -- La investigaci&#xF3;n en las escuelas normales superiores - Algunas consideraciones -- Anexo -- Clasificaci&#xF3;n de algunos tipos de investigaci&#xF3;n -- Bibliograf&#xED;a </subfield>
  </datafield>
  <datafield tag="563" ind1=" " ind2=" ">
    <subfield code="a">R&#xFA;stico</subfield>
  </datafield>
  <datafield tag="650" ind1=" " ind2="0">
    <subfield code="9">984</subfield>
    <subfield code="a">Educaci&#xF3;n</subfield>
  </datafield>
  <datafield tag="700" ind1=" " ind2=" ">
    <subfield code="9">5174</subfield>
    <subfield code="a">Ministerio Nacional de Educaci&#xF3;n</subfield>
    <subfield code="e">Miembro del CAENS</subfield>
  </datafield>
  <datafield tag="700" ind1=" " ind2=" ">
    <subfield code="9">5175</subfield>
    <subfield code="a">Blanco Reza, Roc&#xED;o del Sagrario </subfield>
    <subfield code="e">Miembro del CAENS</subfield>
  </datafield>
  <datafield tag="700" ind1=" " ind2=" ">
    <subfield code="9">5176</subfield>
    <subfield code="a">Hidalgo P&#xE9;rez, Hugo Alberto </subfield>
    <subfield code="e">Miembro del CAENS</subfield>
  </datafield>
  <datafield tag="700" ind1=" " ind2=" ">
    <subfield code="9">5177</subfield>
    <subfield code="a">Ibarra Russi, Oscar Armando</subfield>
    <subfield code="e">Miembro del CAENS</subfield>
  </datafield>
  <datafield tag="700" ind1=" " ind2=" ">
    <subfield code="9">5178</subfield>
    <subfield code="a">Mart&#xED;nez de Dueri, Elba </subfield>
    <subfield code="e">Miembro del CAENS</subfield>
  </datafield>
  <datafield tag="700" ind1=" " ind2=" ">
    <subfield code="9">5179</subfield>
    <subfield code="a">Quintero Trujillo, Daniel </subfield>
    <subfield code="e">Miembro del CAENS</subfield>
  </datafield>
  <datafield tag="700" ind1=" " ind2=" ">
    <subfield code="9">5180</subfield>
    <subfield code="a">Ochoa Piedrah&#xED;ta, Miryam Luc&#xED;a </subfield>
    <subfield code="e">Miembro del CAENS</subfield>
  </datafield>
  <datafield tag="700" ind1=" " ind2=" ">
    <subfield code="9">5181</subfield>
    <subfield code="a">Salinas Salazar, Martha Lorena,</subfield>
    <subfield code="e">Miembro del CAENS</subfield>
  </datafield>
  <datafield tag="942" ind1=" " ind2=" ">
    <subfield code="c">BK</subfield>
  </datafield>
  <datafield tag="945" ind1=" " ind2=" ">
    <subfield code="a">Dani</subfield>
  </datafield>
  <datafield tag="952" ind1=" " ind2=" ">
    <subfield code="0">0</subfield>
    <subfield code="1">0</subfield>
    <subfield code="2">ddc</subfield>
    <subfield code="4">0</subfield>
    <subfield code="7">0</subfield>
    <subfield code="8">GEN</subfield>
    <subfield code="a">FUSBC</subfield>
    <subfield code="b">FUSBC</subfield>
    <subfield code="d">2020-07-03</subfield>
    <subfield code="l">0</subfield>
    <subfield code="o">G 307 F723f</subfield>
    <subfield code="p">10390</subfield>
    <subfield code="r">2020-07-03 00:00:00</subfield>
    <subfield code="t">Ej.1</subfield>
    <subfield code="w">2020-07-03</subfield>
    <subfield code="y">BK</subfield>
    <subfield code="k">14</subfield>
    <subfield code="I">INV2023</subfield>
  </datafield>
  <datafield tag="999" ind1=" " ind2=" ">
    <subfield code="c">66405</subfield>
    <subfield code="d">66405</subfield>
  </datafield>
</record>
